| 000 | 00379nam a2200157 a 4500 | ||
|---|---|---|---|
| 001 | 3951 | ||
| 005 | 20140414131933.0 | ||
| 008 | 040107s19uu xx 00 eng d | ||
| 020 | _a1-84236-087-6 | ||
| 050 |
_aREF 598.09 _bF37 2000 |
||
| 100 | _aFarndon, John | ||
| 245 |
_aBirds / _cJohn Farndon. |
||
| 260 |
_bMiles Kelly, _c2000. |
||
| 300 | _a61 p. ; cm. | ||
| 999 |
_c112292 _d112292 |
||